Normal view MARC view

Entry Personal Name

Number of records used in: 1

001 - CONTROL NUMBER

  • control field: 1044

003 - CONTROL NUMBER IDENTIFIER

  • control field: PK-NaQUE

005 - DATE AND TIME OF LATEST TRANSACTION

  • control field: 20260629141127.0

008 - FIXED-LENGTH DATA ELEMENTS

  • fixed length control field: 260629|| aca||aabn | a|a d

040 ## - CATALOGING SOURCE

  • Original cataloging agency: PK-NaQUE
  • Transcribing agency: PK-NaQUE

100 ## - HEADING--PERSONAL NAME

  • Personal name: Waqar Ahmed Khoso
  • Personal name: 19-MIAC-05
  • Personal name: Supervisor - Prof.Dr. M. Mujtaba Shaikh

670 ## - SOURCE DATA FOUND

  • Source citation: Work cat.: (PK-NaQUE)69099: Waqar Ahmed Khoso 19-MIAC-05 Supervisor - Prof.Dr. M. Mujtaba Shaikh , Power Amplifier Modeling Using various Neural Networks ( Thesis ME), 2024